Catálogo
 En Linea

Las remesas en la economía dominicana : (Registro nro. 45981)

Detalles MARC
000 -CABECERA
campo de control de longitud fija 00487nam a2200121 a 4500
001 - NÚMERO DE CONTROL
campo de control 000046492
005 - FECHA Y HORA DE LA ÚLTIMA TRANSACCIÓN
campo de control 20201002052917.0
008 - DATOS DE LONGITUD FIJA--INFORMACIÓN GENERAL
campo de control de longitud fija 150819s2014 000 spa d
040 ## - FUENTE DE LA CATALOGACIÓN
Centro catalogador/agencia de origen DO-SdBNP
Lengua de catalogación spa
Centro/agencia transcriptor BNPHU
245 #4 - MENCIÓN DE TÍTULO
Título Las remesas en la economía dominicana :
Resto del título análisis para el período 2010-2012 bajo nueva fuente de información.
260 ## - PUBLICACIÓN, DISTRIBUCIÓN, ETC.
Lugar de publicación, distribución, etc. Santo Domingo, República Dominicana, :
Nombre del editor, distribuidor, etc. Banco Central de la República Dominicana ,
Fecha de publicación, distribución, etc. 2014.
300 ## - DESCRIPCIÓN FÍSICA
Extensión 33 p. :
Otras características físicas il. : ;
Dimensiones 28. 5 cm
Material acompañante/anejo + CD-Rom
Existencias
Estado de retiro Estado de pérdida Restricciones de uso No para préstamo Código de colección Localización permanente Ubicación/localización actual Ubicación en estantería Fecha de adquisición Número de inventario Total de préstamos Signatura topográfica completa Código de barras Fecha visto por última vez Precio válido a partir de Tipo de ítem Koha
        Monografías: Libros y Folletos Patrimonio Dominicano Patrimonio Dominicano Orden iniciada 19.08.2015 LF1   46492-10 25.06.2020 25.06.2020 No se presta

Con tecnología Koha